000 00668nam a2200193 i 4500
001 51981
003 ES-MaACL
005 20250811062532.0
007 t|
008 030822s1987 sp ||||1| spa d
020 _a84-505-4867-5
245 0 0 _aChile vive
_b: muestra de arte y cultura : [catálogo de la exposición, Círculo de Bellas Artes, Madrid, 19 enero-18 febrero 1987].
260 _aMadrid :
_bMinisterio de Cultura,
_c[1987]
300 _a358 p. :
_bil. ;
_c30 cm.
710 2 _aCírculo de Bellas Artes (Madrid)
_92817
710 1 _aEspaña.
_bMinisterio de Cultura
_93850
852 _aES-MaACL
_jC-2274
_bR.113957
999 _c51981
_d51981